|
|
|
|
| LEADER |
00000nam0a2200000 4500 |
| 001 |
345778 |
| 005 |
20240207161822.0 |
| 035 |
|
|
|a (RuTPU)RU\TPU\book\377631
|
| 090 |
|
|
|a 345778
|
| 100 |
|
|
|a 20210317d2020 m y0rusy50 ca
|
| 101 |
0 |
|
|a rus
|
| 102 |
|
|
|a RU
|
| 105 |
|
|
|a a j 001zy
|
| 200 |
1 |
|
|a Оформление технологической документации
|e учебное пособие
|f А. В. Крюков, Д. П. Ильященко
|g Национальный исследовательский Томский политехнический университет, Юргинский технологический институт
|
| 210 |
|
|
|a Томск
|c Изд-во ТПУ
|d 2020
|
| 215 |
|
|
|a 121 с.
|c ил.
|
| 320 |
|
|
|a Библиогр.: с. 66-68
|
| 330 |
|
|
|a В пособии приведены основные требования, предъявляемые к оформлению технологической документации. Описаны основные принципы нормирования операций как при расчёте с использованием таблиц норм времени, так и при использовании средств автоматизации, на примере программного комплекса SprutTП. Предназначено для студентов, обучающихся по направлению 15.03.01 "Машиностроение", профилю подготовки "Оборудование и технология сварочного производства".
|
| 606 |
1 |
|
|a Техническая документация
|x Составление
|x Автоматизация
|2 stltpush
|3 (RuTPU)RU\TPU\subj\60047
|9 77537
|
| 610 |
1 |
|
|a термины
|
| 610 |
1 |
|
|a определения
|
| 610 |
1 |
|
|a технологическая документация
|
| 610 |
1 |
|
|a оформление
|
| 610 |
1 |
|
|a технологические документы
|
| 610 |
1 |
|
|a формы
|
| 610 |
1 |
|
|a операции
|
| 610 |
1 |
|
|a нормирование
|
| 610 |
1 |
|
|a сборочные операции
|
| 610 |
1 |
|
|a сварочные операции
|
| 610 |
1 |
|
|a учебные пособия
|
| 610 |
1 |
|
|a труды учёных ТПУ
|
| 675 |
|
|
|a 658.512(075.8)
|v 4
|
| 700 |
|
1 |
|a Крюков
|b А. В.
|c специалист в области сварочного производства
|c доцент Юргинского технологического института (филиала) Томского политехнического университета, кандидат технических наук
|f 1979-
|g Артем Викторович
|3 (RuTPU)RU\TPU\pers\24492
|9 10815
|
| 701 |
|
1 |
|a Ильященко
|b Д. П.
|c специалист в области сварочного производства
|c доцент Юргинского технологического института (филиала) Томского политехнического университета, кандидат технических наук
|f 1980-
|g Дмитрий Павлович
|3 (RuTPU)RU\TPU\pers\25915
|9 11766
|
| 712 |
0 |
2 |
|a Национальный исследовательский Томский политехнический университет
|b Юргинский технологический институт
|c (2009- )
|3 (RuTPU)RU\TPU\col\15903
|
| 801 |
|
1 |
|a RU
|b 63413507
|c 20210317
|
| 801 |
|
2 |
|a RU
|b 63413507
|c 20210517
|g RCR
|
| 942 |
|
|
|c BK
|